01630nam a2200421 i 450000100060000000300080000600500170001400600190003100700150005000800410006502000280010603500220013404000310015605000250018708000150021208200160022724501280024325000230037126400610039430000580045533600310051333700330054433800430057749000270062050000220064758800830066959001620075265000180091465000380093265000180097065000410098865500270102970000290105679700180108583000250110385600630112899900170119152583FINmELB20241216232414.0m o u cr cn|||||||||210921s2008 sp a o 001 0 spa d a9788434214972q(e-book) a(OCoLC)1280138362 aFINmELBbspaerdacFINmELB 4aNC915.A35bA252 2008 a667.661.2304a751.49422300aAerógrafo :bMétodo para aprender, dominar y disfrutar los secretos del dibujo y la pintura /c[autor no identificado]. atercera edición. 1a[Barcelona, España?] :bParramón Paidotribo,c[2008] a1 recurso en línea (232 páginas) :bilustraciones atextobtxt2rdacontent/spa acomputadorabc2rdamedia/spa arecurso en líneabcr2rdacarrier/spa1 aEl rincón del pintor aIncluye índice. aDescripción basada en metadatos suministrados por el editor y otras fuentes. aRecurso electrónico. Santa Fe, Arg.: elibro, 2021. Disponible vía World Wide Web. El acceso puede estar limitado para las bibliotecas afiliadas a elibro. 0aAirbrush art. 0aAirbrush artxStudy and learning. 4aAerografía. 4aAerografíaxEstudio y enseñanza. 4aLibros electrónicos.1 aUbach, Tomás,eeditor.2 aelibro, Corp. 0arincón del pintor.40uhttps://elibro.net/ereader/politecnicointernacional/119232 c52583d52583